000
00210 a2200097 4500
001
30278
100
_a
Greene, G
245
_a
The power and the glory
260
_a
London
_b
Heinemann
_c
090
_c
20221
_d
20221
942
_a
NUST-CAE
_c
M
_c
11361
999
_c
265351
_d
265351